| 000 | 00387nam a22001457a 4500 | ||
|---|---|---|---|
| 999 |
_c15547 _d15547 |
||
| 003 | OSt | ||
| 008 | 190515b ||||| |||| 00| 0 eng d | ||
| 020 | _a9789386546159 | ||
| 082 |
_a664.02 _bMIS/FO |
||
| 245 | _aFood Product and Process Innovations Vol.2 | ||
| 260 |
_aNew Delhi _bNew India Publishing Agency _c2018 |
||
| 300 | _a364 p | ||
| 700 |
_aMishra, Hari Niwas _94025 |
||
| 942 | _cBK | ||